| 000 | 00611nam a2200169 4500 | ||
|---|---|---|---|
| 001 | 131425 | ||
| 003 | ES-MaACL | ||
| 005 | 20230906193958.0 | ||
| 007 | t| | ||
| 008 | 070214s1973 sp r ||||1| spa d | ||
| 100 | 1 |
_aRodríguez de Abajo, F. Javier. _998435 |
|
| 245 | 1 | 0 |
_aTécnicas gráficas _b: formación profesional : delineantes : primer grado, primer curso / _cF. Javier Rodríguez de Abajo, Alberto Revilla Blanco. |
| 260 |
_aSan Sebastián : _bEd. Donostiarra, _c1973. |
||
| 300 |
_a213 p., 144 lám. ; _c27 cm. |
||
| 700 | 1 |
_aRevilla Blanco, Alberto. _996435 |
|
| 852 |
_aES-MaACL _jC-54200 _bR.86948 |
||
| 999 |
_c131425 _d131425 |
||